Normal view MARC view
  • Fernández Díaz, Natalia

Entry Nombre Personal

Number of records used in: 2

001 - NUMERO DE CONTROL

  • campo de control: 40959

003 - IDENTIFICADOR DE NUMERO DE CONTROL

  • campo de control: UPN

005 - FECHA Y HORA DE LA ÜLTIMA TRANSACCIÓN

  • campo de control: 20230302164641.0

008 - DATOS DE LONGITUD FIJA

  • campo de control de longitud fija: nabaccnnaabn|||||||||| b |nc|||||d

035 ## - NUMERO DE CONTROL

  • Número de control: UPN11000013066

040 ## - FUENTE DE CATALOGACIÓN

  • Lenguaje de catalogación: spa
  • Agencia original de catalogación: MX-MxUPN

100 1# - ENCABEZAMIENTO - NOMBRE PERSONAL

  • Nombre personal: Fernández Díaz, Natalia

373 ## - GRUPO ASOCIADO

  • Associated group: Universidad Autónoma de Barcelona
  • Associated group: University of New Haven

400 1# - VEÁSE - NOMBRE DE PERSONA

  • Personal name: Fernández Díaz-Cabal, Fernanda

400 ## - VEÁSE - NOMBRE DE PERSONA

  • Personal name: Díaz-Cabal, Fernanda Fernández

400 ## - VEÁSE - NOMBRE DE PERSONA

  • Personal name: Cabal, Fernanda Fernández Díaz

670 ## - FUENTE EN LA QUE SE LOCALIZARON DATOS

  • Cita de la fuente: T
  • Información localizada: La violencia sexual y su representación en la prensa

670 ## - FUENTE EN LA QUE SE LOCALIZARON DATOS

  • Cita de la fuente: Perséfone se encuentra a la manada, 2019:
  • Información localizada: portada (Natalia Fernández Díaz-Cabal) solapa frontal (profesora de la Universidad Autónoma de Barcelona y en CEA-University of New Haven)

680 ## - NOTA PUBLICA DE ACCESO PÚBLICO

  • Frase explicativa de la referencia: Estudios en la Univ. de Ámsterdam. Dra. en Lingüística y Máster en Sexualidad Humana

902 ## - CATALOGADOR

  • Catalogador: EMR/121217

902 ## - CATALOGADOR

  • Catalogador: VíctorGodínez/020323